| 000 | 00398nam a22001577a 4500 | ||
|---|---|---|---|
| 999 |
_c17294 _d17294 |
||
| 008 | 181018b xxu||||| |||| 00| 0 eng d | ||
| 020 | _a007471323x | ||
| 050 |
_aHB172.5 _b.J33 2004 c.1 |
||
| 100 | _aJackson, John | ||
| 245 |
_aMacroeconomics _cJohn Jackson |
||
| 250 | _a7th ed. | ||
| 260 |
_aBoston _bMcGrawHill _c2004 |
||
| 300 | _axxvii, 653p. | ||
| 650 | _aMacroeconomics | ||
| 942 |
_2lcc _cBK |
||